|
|
|
|
| LEADER |
01655nam a2200337 a 4500 |
| 001 |
0017976 |
| 003 |
BD-DhAAL |
| 008 |
100329s2005 caua b 001 0 eng d |
| 010 |
|
|
|a \\2004026085
|
| 020 |
|
|
|a 9780761927570
|
| 020 |
|
|
|a 0761927573 (cloth)
|
| 040 |
|
|
|a DLC
|c DLC
|d DLC
|d BD-DhAAL
|
| 082 |
0 |
0 |
|a 001.42
|2 22
|
| 245 |
0 |
4 |
|a The SAGE handbook of qualitative research /
|c edited by Norman K. Denzin, Yvonna S. Lincoln.
|
| 246 |
3 |
0 |
|a Handbook of qualitative research
|
| 250 |
|
|
|a Third edition.
|
| 260 |
|
|
|a Thousand Oaks ;
|a New Delhi
|b Sage Publications,
|c c2005.
|
| 300 |
|
|
|a xix, 1210 p. :
|b ill. ;
|c 26 cm
|
| 500 |
|
|
|a Rev. ed. of: Handbook of qualitative research. 2nd ed. c2000.
|
| 504 |
|
|
|a Includes bibliographical references and index.
|
| 526 |
|
|
|a MDS
|x Sadeka Banu
|
| 541 |
1 |
|
|e 0017976, 0017977
|a D.S. Books International
|
| 650 |
|
0 |
|a Social sciences
|x Research.
|
| 700 |
1 |
|
|a Denzin, Norman K.
|9 3663
|
| 700 |
1 |
|
|a Lincoln, Yvonna S.
|9 3664
|
| 730 |
0 |
|
|a Handbook of qualitative research.
|9 58424
|
| 852 |
4 |
|
|a Ayesha Abed Library
|c General Stacks
|
| 942 |
|
|
|2 ddc
|c BK
|
| 999 |
|
|
|c 7906
|d 7906
|
| 952 |
|
|
|0 0
|1 0
|2 ddc
|4 0
|6 001_420000000000000_SAG_2005
|7 0
|9 8856
|a BRACUL
|b BRACUL
|c GEN
|d 2010-03-29
|e D. S. Books International
|g 8905.00
|l 4
|m 3
|o 001.42 SAG
|p 3010017976
|r 2012-03-20
|s 2012-01-29
|t 1
|w 2010-03-29
|y BK
|x Requisitioned by Sadeka Banu, DCO, Development Studies Program.
|
| 952 |
|
|
|0 0
|1 0
|2 ddc
|4 0
|6 001_420000000000000_SAG_2005
|7 0
|9 13106
|a BRACUL
|b BRACUL
|c GEN
|d 2010-11-06
|e D. S. Books International
|g 8905.00
|l 2
|m 4
|o 001.42 SAG
|p 3010017977
|r 2012-09-24
|s 2012-09-17
|t 2
|w 2010-11-06
|y BK
|x Requisitioned by Sadeka Banu, DCO, Development Studies Program.
|